[Event "Solett Open"]
[Site "Skelleftea SWE"]
[Date "2001.04.13"]
[Round "6"]
[White "Hector,J"]
[Black "Dvoirys,S"]
[Result "1/2-1/2"]
[WhiteElo "2546"]
[BlackElo "2568"]

1.e4 c5 2.Nf3 Nc6 3.Nc3 g6 4.d4 cxd4 5.Nxd4 Bg7 6.Be3 Nf6 7.Bc4 O-O 8.Bb3 a5
9.f3 d5 10.Bxd5 Nxd5 11.exd5 Nb4 12.Nde2 Bf5 13.Rc1 b5 14.O-O Rc8 15.Nd4 Bxd4
16.Qxd4 Nxc2 17.Rxc2 Bxc2 18.Nxb5 Re8 19.Na7 Ra8 20.Nc6 Qd6 21.Bf4 Qf6 22.Qe3 Ba4
23.Bg5 Qxb2 24.Nxe7+ Kg7 25.Bh6+ Kh8 26.d6 Rac8 27.Qe4 Bc2 28.Qd5 Rcd8 29.Be3 Qg7
30.Bb6 Ba4 31.Kh1 Rd7 32.Bd4 f6 33.Re1 Red8 34.Rc1 Rxd6 35.Qxd6 Rxd6 36.Rc8+ Qf8
37.Rxf8+ Kg7 38.Rg8+ Kf7 39.Rh8 Rxd4 40.Rxh7+ Ke6 41.h3 Be8 42.Ng8 Rd7 43.Rh8 Rd1+
44.Kh2 Bc6 45.Rh7 Rd7 46.Rxd7 Bxd7 47.Kg3 g5 48.f4 Bc6 49.fxg5 fxg5 50.Kf2 Ke5
51.Ne7 Be4 52.g3 Kf6 53.Ng8+  1/2-1/2

[Event "ch-City"]
[Site "St Petersburg RUS"]
[Date "2001.04.13"]
[Round "4"]
[White "Kashtanov,R"]
[Black "Lugovoi,A"]
[Result "1-0"]
[WhiteElo "2412"]
[BlackElo "2512"]

1.e4 c5 2.Nc3 Nc6 3.Nge2 e6 4.d4 d5 5.exd5 exd5 6.Be3 Nf6 7.dxc5 Be7 8.h3 O-O
9.Nd4 Ne5 10.Nb3 a5 11.Na4 Be6 12.Nb6 Ra7 13.Qd4 a4 14.Qxe5 axb3 15.cxb3 Ne4
16.O-O-O Rxa2 17.Rxd5 Bxd5 18.Nxd5 Bxc5 19.Qxe4 Re8 20.Qf5 Ra5 21.Bd2 Bb4
22.Bc4 Bxd2+ 23.Kxd2 Rc5 24.Re1 Rxe1 25.Kxe1 Kf8 26.Qxh7 Rxd5 27.Bxd5 Qxd5
28.Qh8+ Ke7 29.Qxg7 Qe4+ 30.Kd2 Qf4+ 31.Kc3 Qc1+ 32.Kd3 Qd1+ 33.Ke3 Qe1+
34.Kf3 Qd1+ 35.Kg3 Qd6+ 36.f4 Qd3+ 37.Kh2 Qxb3 38.h4 Qb4 39.Qe5+ Kf8 40.h5 Qb6
41.Qh8+ Ke7 42.h6 Qg6 43.Qg7 Qe4 44.Qe5+  1-0

[Event "39th Doeberl Cup"]
[Site "Canberra AUS"]
[Date "2001.04.14"]
[Round "3"]
[White "Weeks,Ma"]
[Black "Safarian,A"]
[Result "1-0"]
[WhiteElo "2236"]
[BlackElo "2030"]

1.e4 c5 2.Nf3 Nc6 3.Nc3 g6 4.Bb5 Bg7 5.O-O a6 6.Bxc6 dxc6 7.h3 Nf6 8.d3 Qc7
9.Be3 Nd7 10.Qd2 O-O 11.Bh6 Rd8 12.Nh2 Ne5 13.Bxg7 Kxg7 14.f4 Nd7 15.Qf2 Qd6
16.Rae1 Qd4 17.Re3 c4 18.Nf3 Qb6 19.d4 Nf8 20.f5 c5 21.d5 f6 22.fxg6 hxg6
23.e5 Qc7 24.d6 Qd7 25.exf6+  1-0

[Event "Open"]
[Site "Metz FRA"]
[Date "2001.04.15"]
[Round "9"]
[White "Staeger,P"]
[Black "Sarthou,G"]
[Result "0-1"]
[WhiteElo "2040"]
[BlackElo "2365"]

1.e4 c5 2.Nf3 Nc6 3.Nc3 Nf6 4.d4 cxd4 5.Nxd4 e5 6.Ndb5 d6 7.Bg5 a6 8.Na3 b5
9.Nd5 Be7 10.Bxf6 Bxf6 11.Nxf6+ Qxf6 12.c3 Bb7 13.g3 Ne7 14.Bg2 h5 15.Qe2 h4
16.O-O-O O-O 17.gxh4 Qxh4 18.Kb1 Rfd8 19.Rhg1 Ng6 20.Bf3 Nf4 21.Qe3 Qf6 22.Rg4 Rab8
23.Rdg1 g6 24.h4 Kf8 25.h5 Nxh5 26.Qh6+ Ke7 27.Qe3 Nf4 28.Rd1 Rd7 29.Nc2 a5
30.Rg3 Bc8 31.Bg4 Rc7 32.Bxc8 Rbxc8 33.Qb6 Rc5 34.Qxa5 Qe6 35.Nb4 Qc4 36.Re3 Ng2
37.b3 Qe6 38.Red3 Kf8 39.Rxd6 Qg4 40.Rd8+ Kg7 41.Nc2 Rxc3 42.Qb4 R8c5 43.R8d5 Rxc2  0-1

[Event "Open"]
[Site "Dubai UAE"]
[Date "2001.04.18"]
[Round "4"]
[White "Kunte,A"]
[Black "Vladimirov,E"]
[Result "1/2-1/2"]
[WhiteElo "2568"]
[BlackElo "2612"]

1.e4 c5 2.Nf3 Nc6 3.Nc3 Nf6 4.Bb5 g6 5.O-O Bg7 6.e5 Ng4 7.Bxc6 dxc6 8.Re1 O-O
9.d3 f6 10.h3 Nxe5 11.Nxe5 fxe5 12.Ne4  1/2-1/2

[Event "3rd Rector Cup"]
[Site "Kharkov RUS"]
[Date "2001.04.20"]
[Round "4"]
[White "Ponomariov,R"]
[Black "Eljanov,P"]
[Result "1-0"]
[WhiteElo "2673"]
[BlackElo "2558"]

1.e4 c5 2.Nc3 Nc6 3.Nge2 Nf6 4.d4 cxd4 5.Nxd4 e5 6.Ndb5 d6 7.Bg5 a6 8.Na3 b5
9.Bxf6 gxf6 10.Nd5 f5 11.c3 Bg7 12.exf5 Bxf5 13.Nc2 O-O 14.Nce3 Be6 15.Bd3 f5
16.Qh5 e4 17.Bc2 Ne7 18.Rd1 Ng6 19.f4 exf3 20.gxf3 Qd7 21.O-O Qf7 22.f4 Rac8
23.Rf3 Rc5 24.Rh3 h6 25.Rg3 Kh7 26.b4 Rcc8 27.Rd2 Bxd5 28.Bxf5 Kh8 29.Rxg6 Qd7
30.Rxh6+ Bxh6 31.Qxh6+ Kg8 32.Be6+  1-0

[Event "ch-CUB"]
[Site "Las Tunas CUB"]
[Date "2001.04.20"]
[Round "17"]
[White "De la Paz,F"]
[Black "Almeida,O"]
[Result "1/2-1/2"]
[WhiteElo "2437"]
[BlackElo "2426"]

1.e4 c5 2.Nf3 Nc6 3.Nc3 Nf6 4.d4 cxd4 5.Nxd4 e5 6.Ndb5 d6 7.Bg5 a6 8.Na3 b5
9.Bxf6 gxf6 10.Nd5 f5 11.c3 Bg7 12.exf5 Bxf5 13.Nc2 Ne7  1/2-1/2

[Event "4th Open"]
[Site "Tanta City EGY"]
[Date "2001.04.20"]
[Round "3"]
[White "Abou el Zein,E"]
[Black "Ikonnikov,V"]
[Result "0-1"]
[WhiteElo "2330"]
[BlackElo "2558"]

1.e4 c5 2.Nf3 Nc6 3.Nc3 g6 4.d4 Bg7 5.d5 Nd4 6.Bd3 d6 7.Nxd4 cxd4 8.Ne2 Bd7
9.O-O Rc8 10.Kh1 Qb6 11.b3 Nh6 12.h3 O-O 13.c4 e5 14.f4 f5 15.fxe5 dxe5 16.Ng3 f4
17.Ne2 g5 18.Ba3 Rf7 19.Ng1 Qg6 20.Rc1 g4 21.Rc2 Bf6 22.Bd6 Rg7 23.c5 Nf7
24.c6 bxc6 25.Ba3 cxd5 26.exd5 e4 27.Rxc8+ Bxc8 28.Qc2 Bf5 29.Bc4 f3  0-1

[Event "ch-URU"]
[Site "Montevideo URU"]
[Date "2001.04.22"]
[Round "2"]
[White "Curi,G"]
[Black "Escofet,J"]
[Result "1-0"]
[WhiteElo "2312"]
[BlackElo "2224"]

1.e4 c5 2.Nf3 Nc6 3.Nc3 d6 4.d4 cxd4 5.Nxd4 e5 6.Nde2 Nf6 7.g3 Bg4 8.Bg2 Nd4
9.Qd3 Nxe2 10.Nxe2 Be7 11.O-O O-O 12.h3 Bxe2 13.Qxe2 Rc8 14.c3 Qc7 15.Be3 a6
16.a4 Nd7 17.h4 Qc4 18.Qc2 Nc5 19.Bxc5 Qxc5 20.Rfd1 Qb6 21.Bf1 Rc5 22.Qb1 Qb3
23.Bd3 h6 24.Bc2 Qe6 25.Rd3 Kh8 26.Qd1 Qg6 27.h5 Qg5 28.Rd5 Rcc8 29.Kg2 Qf6
30.Qe2 g6 31.Rh1 g5 32.Rhd1 Rc7 33.R1d3 Rfc8 34.Bb3 Qg7 35.Rf3 f6 36.Rfd3 Bf8
37.Qf3 Be7 38.Kh3 Rf8 39.Qf5 Qh7 40.Kg4 Qxf5+ 41.Kxf5 Kg7 42.Rd1 Rfc8 43.R5d3 Bf8
44.f4 exf4 45.gxf4 Re8 46.Bd5 a5 47.Rf3 b6 48.Rdf1 Rc5 49.Kg4 Be7 50.fxg5 hxg5
51.h6+ Kh7 52.Be6 Bf8 53.Bf5+ Rxf5 54.exf5 Re4+ 55.Kg3 Kxh6 56.Rd3 Be7 57.Rd4 Re5
58.Kg4 d5 59.Rh1+ Kg7 60.Rhd1 Bc5 61.Rxd5 Re4+ 62.Kf3 Rxa4 63.Rd7+ Kg8 64.Rb7 Rf4+
65.Kg3  1-0

[Event "Open"]
[Site "Dubai UAE"]
[Date "2001.04.23"]
[Round "8"]
[White "Al Modiahki,M"]
[Black "Shariyazdanov,A"]
[Result "0-1"]
[WhiteElo "2490"]
[BlackElo "2594"]

1.e4 c5 2.Nf3 Nc6 3.Nc3 d6 4.d4 cxd4 5.Nxd4 Nf6 6.Bc4 e6 7.Bb3 Be7 8.Be3 O-O
9.f4 Bd7 10.Qf3 Nxd4 11.Bxd4 Bc6 12.f5 e5 13.Bf2 b5 14.O-O-O a5 15.Nd5 Bxd5
16.Bxd5 Rc8 17.Kb1 Qc7 18.Qe2 b4 19.h4 a4 20.Rh3 Rb8 21.Be1 Rfc8 22.Re3 Rb5
23.Red3 Rc5 24.R1d2 Nxd5 25.Rxd5 Rc6 26.Qd3 a3 27.Qe2 axb2 28.f6 gxf6 29.R5d3 Kf8
30.Rg3 Ke8 31.Rg8+ Bf8 32.Qg4 Ke7 33.Qe2 b3 34.axb3 Qa5  0-1

[Event "zt3.3"]
[Site "HeiBei CHN"]
[Date "2001.04.24"]
[Round "8"]
[White "Ni Hua"]
[Black "Zhou Weiqi"]
[Result "1/2-1/2"]
[WhiteElo "2528"]
[BlackElo "2310"]

1.e4 c5 2.Nf3 Nc6 3.Nc3 d6 4.d4 cxd4 5.Nxd4 e5 6.Nf3 Nf6 7.Be2 Be7 8.O-O Be6
9.Ng5 Nd4 10.Nxe6 Nxe2+ 11.Qxe2 fxe6 12.Be3 a6 13.a4 Rc8 14.Rfd1 O-O 15.f3 Qa5
16.Kh1 h6 17.Bd2 Qc7 18.Be1 Qc4 19.Qxc4 Rxc4 20.Kg1 Rd8 21.Bg3 Nh5 22.Bf2 Nf6  1/2-1/2

[Event "2nd ch-EUR Women"]
[Site "Warsaw POL"]
[Date "2001.04.24"]
[Round "3"]
[White "Paehtz,E"]
[Black "Sasu Ducsoara,An"]
[Result "1/2-1/2"]
[WhiteElo "2358"]
[BlackElo "2240"]

1.e4 c5 2.Nc3 Nc6 3.Nge2 d6 4.d4 cxd4 5.Nxd4 Nf6 6.Bg5 e6 7.Qd2 a6 8.O-O-O Bd7
9.f3 h6 10.Be3 b5 11.Nxc6 Bxc6 12.Ne2 Rc8 13.Nd4 Bb7 14.Kb1 Be7 15.h4 Qc7
16.Bd3 Nd7 17.g4 Ne5 18.g5 h5 19.g6 Nxg6 20.Rdg1 Qd7 21.f4 Bf6 22.Rh2 e5
23.Nf3 exf4 24.Bxf4 Nxf4 25.Qxf4 Qe7 26.Rhg2 g6 27.Qd2 Bxh4 28.Nxh4 Qxh4
29.Rg5 Rc5 30.Rxc5 dxc5 31.Qc3 O-O 32.Qxc5 Re8 33.e5 Be4 34.Qd4 f5 35.Rxg6+ Kh7
36.Qg1 Qh1 37.Qxh1 Bxh1 38.Bxf5 Rxe5 39.Rg5+ Kh6 40.Rg6+ Kh7 41.Rg5+ Kh6
42.Rg6+ Kh7 43.Rg5+  1/2-1/2

[Event "2nd ch-EUR Women"]
[Site "Warsaw POL"]
[Date "2001.04.25"]
[Round "4"]
[White "Prudnikova,S"]
[Black "Kosintseva,T"]
[Result "1-0"]
[WhiteElo "2419"]
[BlackElo "2333"]

1.e4 c5 2.Nc3 Nc6 3.Bb5 g6 4.Bxc6 dxc6 5.d3 Bg7 6.Be3 b6 7.Qd2 e5 8.h3 Nf6
9.Bh6 O-O 10.O-O-O a5 11.Bxg7 Kxg7 12.f4 exf4 13.Qxf4 Be6 14.Nf3 a4 15.g4 Nd7
16.Kb1 Qe7 17.h4 h6 18.d4 cxd4 19.Nxd4 Rfc8 20.g5 h5 21.Nf5+ Bxf5 22.exf5 Qe5
23.Rhf1 Qxf4 24.Rxf4 Ne5 25.Nxa4 Rd8 26.Re1 gxf5 27.Nxb6 Rab8 28.Na4 Ng6
29.Rc4 f4 30.Rf1 Rd6 31.Nc5 Rf8 32.Nd3 Nxh4 33.Nxf4 Rh8 34.a4 Ng6 35.Nh3 Ra8
36.b3 Rd5 37.Rc3 Ra7 38.Kb2 Ra6 39.Rcf3 Rd7 40.Rf6 Rb7 41.Ka3 Re7 42.R1f3 Rc7
43.Rc3 h4 44.b4 Rca7 45.a5 Re7 46.Ka4 Rc7 47.Nf4 Ne7 48.Rh3 Ra8 49.Rxh4 Nc8
50.Nh5+ Kg8 51.g6  1-0

[Event "Astral Open"]
[Site "Bucharest ROM"]
[Date "2001.04.27"]
[Round "7"]
[White "Manea,A"]
[Black "Florescu,P"]
[Result "1-0"]
[WhiteElo "2314"]
[BlackElo "2197"]

1.e4 c5 2.Nf3 Nc6 3.Nc3 g6 4.d4 cxd4 5.Nxd4 Bg7 6.Be3 d6 7.Qd2 Nf6 8.f3 O-O
9.O-O-O Bd7 10.h4 h5 11.Kb1 Ne5 12.Bg5 Rc8 13.g4 hxg4 14.h5 Nxh5 15.f4 Nc4
16.Bxc4 Rxc4 17.Nde2 Re8 18.f5 Qa5 19.Bh6 Bf6 20.Rdg1 Rec8 21.Rxg4 Ng7 22.Bg5 Be5
23.Rgh4 Nh5 24.Bxe7 Rb4 25.Rxh5 Rxb2+ 26.Kxb2 Qb4+ 27.Kc1 Rxc3 28.Nxc3  1-0

[Event "Zone 3.2a"]
[Site "Manila PHI"]
[Date "2001.04.27"]
[Round "5"]
[White "Torre,E"]
[Black "Juswanto,D"]
[Result "1-0"]
[WhiteElo "2546"]
[BlackElo "2487"]

1.e4 c5 2.Ne2 Nc6 3.Nbc3 e6 4.g3 Nge7 5.Bg2 Nd4 6.O-O Nec6 7.d3 Be7 8.Be3 O-O
9.Nf4 Qb6 10.b3 Qa5 11.Bd2 Qa6 12.Nb1 Ne5 13.h4 h6 14.c3 Ndc6 15.Bc1 g5 16.hxg5 hxg5
17.d4 cxd4 18.cxd4 Nxd4 19.Qxd4 Bf6 20.Qd1 gxf4 21.gxf4 Ng6 22.e5 Bg7 23.Ba3 Nxf4
24.Bxf8 Kxf8 25.Re1 Ng6 26.Nd2 Nxe5 27.Nc4 Ng6 28.Be4 Ne7 29.Bd3 Qb5 30.Ne5 Qb4
31.Re4 Qd6 32.Qh5 Bxe5 33.Rxe5 Nc6 34.Re3 b6 35.Rd1 Qc5 36.Qh6+ Ke8 37.Rg3 Qf8
38.Qh7 Ne7 39.Kh2 Kd8 40.Rg7 f5 41.Rf7 Qe8 42.Rg1 Bb7 43.Rgg7  1-0

[Event "2nd ch-EUR Women"]
[Site "Warsaw POL"]
[Date "2001.04.27"]
[Round "6"]
[White "Melamed,T"]
[Black "Kharashkina,B"]
[Result "1/2-1/2"]
[WhiteElo "2273"]
[BlackElo "2173"]

1.e4 c5 2.Nc3 Nc6 3.Bb5 e6 4.Bxc6 bxc6 5.d3 d5 6.f4 Ba6 7.Nf3 Be7 8.e5 h5
9.O-O Nh6 10.b3 Nf5 11.Qe1 c4 12.Na4 cxd3 13.Qc3 Bb5 14.cxd3 Bxa4 15.bxa4 Qb6+
16.Kh1 Bb4 17.Qb3 h4 18.d4 Nxd4 19.Nxd4 Qxd4 20.Bb2 Qb6 21.f5 exf5 22.Rxf5 Be7
23.Qc2 Rb8 24.Raf1 Qc5 25.Qd2 O-O 26.Bd4 Qb4 27.Bc3 Qe4 28.h3 Rb1 29.Rf4 Rxf1+
30.Rxf1 Qxa4 31.Rf4 Qa6 32.Qd1 Qxa2 33.Rg4 Rb8 34.Qf3 Bc5 35.Rxg7+ Kxg7 36.e6+ d4
37.Qxf7+ Kh6 38.Qf6+ Kh7 39.Qf7+ Kh6  1/2-1/2

[Event "Bank Pocztowy Open A"]
[Site "Bydgoszcz POL"]
[Date "2001.04.30"]
[Round "4"]
[White "Singer,K"]
[Black "Maslowski,J"]
[Result "1-0"]
[WhiteElo "2154"]
[BlackElo "2051"]

1.e4 c5 2.Nc3 Nc6 3.Bb5 Nd4 4.Bc4 g6 5.Nf3 Bg7 6.Nxd4 cxd4 7.Qf3 Nf6 8.Nb5 d6
9.Nxd4 O-O 10.h3 Nd7 11.Qe3 Qb6 12.c3 Ne5 13.Be2 Bd7 14.f4 Nc6 15.Nxc6 bxc6
16.Qxb6 axb6 17.d3 b5 18.a3 c5 19.Rb1 Be6 20.Bd2 Ra7 21.O-O Rfa8 22.Bf3 Rb8
23.g4 Ba2 24.Ra1 Bb3 25.Kg2 Bc2 26.Be2 Rba8 27.Rac1 Bb3 28.Be3 Ra4 29.Bf3 R8a6
30.h4 b4 31.cxb4 cxb4 32.Rc8+ Bf8 33.f5 bxa3 34.bxa3 Ra8 35.Rfc1 Kg7 36.Bd4+ Kg8
37.Bb2 e6 38.f6 e5 39.g5 Be6 40.Rxa8 Rxa8 41.Rc3 Rd8 42.Rc6 d5 43.exd5 Rxd5
44.Rxe6 fxe6 45.Bxd5 exd5 46.a4 d4 47.a5 Bc5 48.Kf3 Kf7 49.Ke4 Ke6 50.a6 Ba7
51.Ba3 Bb6 52.Bb4 Ba7 53.Ba5 Kd6 54.Bb4+ Ke6 55.Be1 Bb6 56.Bg3 Ba7 57.Bxe5  1-0

[Event "2nd ch-EUR Women"]
[Site "Warsaw POL"]
[Date "2001.04.30"]
[Round "8"]
[White "Velcheva,M"]
[Black "Bosboom Lanchava,T"]
[Result "1-0"]
[WhiteElo "2244"]
[BlackElo "2351"]

1.e4 c5 2.Nf3 Nc6 3.Nc3 g6 4.d4 cxd4 5.Nxd4 Bg7 6.Be3 Nf6 7.Bc4 O-O 8.Bb3 d6
9.h3 Nxd4 10.Bxd4 b5 11.a3 a5 12.O-O Bb7 13.Qd3 Ba6 14.Nxb5 Nxe4 15.Qxe4 Bxb5
16.Bxg7 Kxg7 17.Rfe1 e6 18.a4 Ba6 19.Rad1 Qb6 20.Rd2 Rfd8 21.Red1 d5 22.Qf4 f6
23.Qg4 Rac8 24.Re1 Rd6 25.Rd4 e5 26.Rd2 d4 27.Red1 d3 28.Rxd3 Rcd8 29.Rxd6 Rxd6
30.Rxd6 Qxd6 31.Qe6 Qd1+ 32.Kh2 Bf1 33.Qf7+ Kh6 34.Qxf6 Qd4 35.Qf8+ Kg5 36.Qe7+ Kh6
37.Qf8+ Kg5 38.Qf3 Qd6 39.Qd5 Qc7 40.f4+ Kf5 41.Qxe5+ Qxe5 42.fxe5 Kxe5 43.Kg3 Kd4
44.Kf3 Ba6 45.Kf4 h6 46.Bf7 g5+ 47.Kf3 Bb7+ 48.Kf2 Bc6 49.c3+ Kd3 50.Bb3 Kd2
51.Be6 Bxa4 52.b4 axb4 53.cxb4 Kc3 54.Ke3 Bc6 55.g3 Kxb4 56.Kd4 h5 57.Bd5 Bd7
58.Bg2 Kb3 59.Ke5 Kc3 60.Kf6 g4 61.h4 Kd3 62.Kg5 Ke3 63.Kxh5 Kf2 64.Be4 Kxg3
65.Kg5 Be8 66.Bf5 Kf3 67.Bxg4+ Ke4 68.Bf5+ Ke5 69.Bg6 Bc6 70.h5 Bd5 71.h6 Bg8
72.Be8 Bh7 73.Bf7 Kd6 74.Kf6 Kd7 75.Bg6 Bg8 76.Kg7  1-0

[Event "2nd ch-EUR Women"]
[Site "Warsaw POL"]
[Date "2001.05.01"]
[Round "9"]
[White "Stjazhkina,O"]
[Black "Velcheva,M"]
[Result "1-0"]
[WhiteElo "2346"]
[BlackElo "2244"]

1.e4 c5 2.Nc3 Nc6 3.Bb5 g6 4.Bxc6 dxc6 5.d3 Bg7 6.Be3 b6 7.Qd2 e5 8.Nge2 Be6
9.a4 a5 10.O-O Ne7 11.f4 O-O 12.fxe5 Bxe5 13.Bh6 Bg7 14.Bxg7 Kxg7 15.Nf4 Qd4+
16.Kh1 Qe5 17.Rae1 Rad8 18.Qf2 Bc8 19.Qh4 h6 20.Qf2 Kh7 21.Qg3 Rde8 22.Nfe2 Qg7
23.Qc7 f5 24.Qxb6 Qe5 25.Ng1 f4 26.Nf3 Qh5 27.Qc7 g5 28.Ne5 g4 29.Nd7 Rf7
30.e5 Bxd7 31.Qxd7 f3 32.Qxe8 fxg2+ 33.Kxg2 Rf2+ 34.Rxf2 Qxe8 35.Ne4 Kg7
36.e6 Nd5 37.Rf7+ Kh8 38.Nd6  1-0

[Event "54th ch-RUS"]
[Site "Elista RUS"]
[Date "2001.05.03"]
[Round "4"]
[White "Beshukov,S"]
[Black "Dvoirys,S"]
[Result "1/2-1/2"]
[WhiteElo "2463"]
[BlackElo "2568"]

1.e4 c5 2.Nc3 Nc6 3.Nf3 g6 4.d4 cxd4 5.Nxd4 Bg7 6.Be3 Nf6 7.f3 O-O 8.Qd2 d5
9.Nxc6 bxc6 10.e5 Ne8 11.Bh6 Qc7 12.Bxg7 Nxg7 13.f4 f6 14.exf6 Rxf6 15.g3 Bg4
16.Be2 Bxe2 17.Nxe2 e5 18.O-O-O e4 19.g4 Ne6 20.f5 gxf5 21.gxf5 Rxf5 22.Rhg1+ Kh8
23.Qc3+ Re5 24.Rgf1 Re8 25.Rf5 Ng7 26.Rf6 c5 27.Rdf1 Kg8 28.b4 c4 29.Qe3 R5e6
30.Rf7 R6e7 31.R7f2 Qb6 32.Nd4 Ne6 33.Nf5 Qxe3+ 34.Nxe3 Rd8 35.Nf5 Red7 36.Nh6+ Kg7
37.Nf7 h6 38.Nxd8 Nxd8 39.Rg2+ Kh7 40.c3 Nc6 41.Rf5 a6 42.Rf6 Ne5 43.Rxa6 d4
44.cxd4 Nd3+ 45.Kd2 Nxb4 46.Re6 c3+ 47.Kxc3 Nd5+ 48.Kc4 Ne3+ 49.Kc5 Nxg2
50.Rxe4 Ra7 51.d5 Rxa2 52.d6 Rd2 53.Kc6 Kg6 54.d7 Kf5 55.Re2 Rxe2 56.d8=Q Nf4
57.Qf8+ Kg4 58.Qg7+ Kf5 59.Qf7+ Kg4 60.Qg7+ Kf5 61.Qf8+ Kg4 62.Qg8+ Kf5 63.Qh7+ Kg4  1/2-1/2

[Event "Backa Open"]
[Site "Palanka YUG"]
[Date "2001.05.03"]
[Round "2"]
[White "Rajak,L"]
[Black "Benkovic,P"]
[Result "0-1"]
[WhiteElo "2232"]
[BlackElo "2410"]

1.e4 c5 2.Nc3 Nc6 3.Bb5 Na5 4.Bf1 a6 5.a4 d6 6.d3 g6 7.g3 Bg7 8.Bg2 e6 9.Nge2 b6
10.O-O Bb7 11.Be3 Ne7 12.Qd2 h6 13.f4 d5 14.exd5 exd5 15.Bf2 d4 16.Nd1 Bxg2
17.Kxg2 Qd5+ 18.Kg1 Nac6 19.c3 Rd8 20.cxd4 cxd4 21.b4 Qb3 22.Be1 O-O 23.Nc1 Qd5
24.Rb1 b5 25.axb5 Qxb5 26.Qa2 Nd5 27.Qc4 Rfe8 28.Bd2 Qb7 29.f5 Ne5 30.Qb3 g5
31.b5 Ne3 32.Bxe3 dxe3 33.f6 Nf3+ 34.Rxf3 Qxf3 35.Rb2 e2 36.Nxe2 Bxf6 37.Rc2 Bd4+  0-1

[Event "54th ch-RUS"]
[Site "Elista RUS"]
[Date "2001.05.04"]
[Round "5"]
[White "Najer,E"]
[Black "Volzhin,A"]
[Result "1-0"]
[WhiteElo "2600"]
[BlackElo "2528"]

1.e4 c5 2.Nc3 Nc6 3.Bb5 Nd4 4.Bc4 e6 5.Nge2 a6 6.Nxd4 cxd4 7.Ne2 b5 8.Bd3 Bc5
9.O-O Ne7 10.b4 Bb6 11.a4 Bb7 12.axb5 axb5 13.Bb2 e5 14.c3 Rxa1 15.Qxa1 O-O
16.cxd4 d5 17.Qb1 f5 18.f3 dxe4 19.fxe4 Nc6 20.exf5 Nxd4 21.Bxd4 Bxd4+ 22.Nxd4 Qxd4+
23.Rf2 e4 24.Bxb5 Rxf5 25.Qb3+ Bd5 26.Qe3 Qa1+ 27.Bf1 Rxf2 28.Kxf2 Qf6+ 29.Kg1 h6
30.b5 Kh8 31.Qc5 Qg5 32.Qd4 Bb7 33.g3 Kh7 34.Bc4 Qh5 35.Qe3 Qe5 36.Be2 Qa1+
37.Kg2 Bd5 38.h4 Qb2 39.Kh2 Qf6 40.Qc5 Bb7 41.Bg4 Qd8 42.Qf5+ Kh8 43.Kh3 Qd6
44.Qf4 Qd8 45.h5 Bd5 46.Qe3 Qf6 47.Be2 Qf5+ 48.Kh2 Qe5 49.Qc5 Qf5 50.Qd4 Kh7
51.b6 Bb7 52.Qd5 Qf6 53.Qxb7 Qf2+ 54.Kh3 Qxe2 55.Qf7 Qb5 56.Qg6+ Kh8 57.Kg4 Qe2+
58.Kf4 Qxd2+ 59.Kxe4 Qb4+ 60.Kf5 Qb5+ 61.Kg4 Qb4+ 62.Kh3 Qb5 63.Qe6 Qf1+
64.Kg4 Qd1+ 65.Kf4 Qd2+ 66.Kf5 Qd3+ 67.Ke5 Qe3+ 68.Kf5 Qf3+ 69.Kg6 Qxg3+
70.Kf7 Qf3+ 71.Ke7 Qb7+ 72.Kf8 Qb8+ 73.Qe8 Qf4+ 74.Ke7+ Kh7 75.Qg6+ Kg8 76.Kd7 Qa4+
77.Qc6 Qd4+ 78.Qd6 Qa4+ 79.Kc7 Qc4+ 80.Kb8 g5 81.Qd8+  1-0

[Event "Bank Pocztowy Open A"]
[Site "Bydgoszcz POL"]
[Date "2001.05.05"]
[Round "8"]
[White "Bartel,Mat"]
[Black "Lutsko,I"]
[Result "1/2-1/2"]
[WhiteElo "2434"]
[BlackElo "2346"]

1.e4 c5 2.Nc3 Nc6 3.Nf3 d6 4.d4 cxd4 5.Nxd4 Nf6 6.Bc4 e6 7.Be3 a6 8.Qe2 Qc7
9.Bb3 Na5 10.O-O-O b5 11.Kb1 Be7 12.f3 O-O 13.g4 Nd7 14.Rhg1 Nc5 15.Nf5 b4
16.Nxe7+ Qxe7 17.Na4 Nxa4 18.Bxa4 Qc7 19.Rd4 Rb8 20.Rgd1 Rd8 21.Bg5 f6 22.e5 fxg5
23.exd6 Qc5 24.d7 Bb7 25.Qxe6+ Kh8 26.Re1 h6 27.Qd6 Qxd6 28.Rxd6 Bxf3 29.Re8+ Kh7
30.c3 b3 31.axb3 Bxg4 32.Rxa6 Bf5+ 33.Ka2 Nxb3 34.Bxb3 Rxe8 35.dxe8=Q Rxe8
36.c4 g4 37.c5 h5 38.c6 h4 39.c7 g3 40.hxg3 hxg3 41.Bd5 Re5 42.Bf3 Re7 43.Rc6 Re8
44.Bd5 Re5 45.Bf3  1/2-1/2

[Event "IV Rapidplay"]
[Site "Mirabal ESP"]
[Date "2001.05.05"]
[Round "2"]
[White "Hernandez,Gi"]
[Black "Vilarnovo Caamano,J"]
[Result "1-0"]
[WhiteElo "2567"]
[BlackElo "2134"]

1.e4 c5 2.Nc3 Nc6 3.Nf3 g6 4.d4 cxd4 5.Nxd4 Bg7 6.Be3 d6 7.Qd2 Nf6 8.f3 O-O
9.Bc4 Bd7 10.O-O-O Ne5 11.Be2 Rc8 12.Kb1 Nc4 13.Bxc4 Rxc4 14.g4 Qa5 15.g5 Nh5
16.Nd5 Qd8 17.Ne2 Be6 18.Bxa7 Bxd5 19.Qxd5 Qc7 20.Bb6 Qc8 21.c3 Ra4 22.Bd4 Qh3
23.Ng3 Rfa8 24.a3 Nxg3 25.hxg3 Qxg3 26.Bxg7 R8a5 27.Qxb7 Kxg7 28.Qxe7 Qxf3
29.Rde1 Re5 30.Qxd6 Rxg5 31.e5 Qf5+ 32.Ka2 Rg2 33.e6 Qf2 34.Qe5+  1-0

[Event "Ivan Cvitanovic Mem"]
[Site "Split CRO"]
[Date "2001.05.06"]
[Round "9"]
[White "Armanda,I"]
[Black "Brumen,D"]
[Result "1/2-1/2"]
[WhiteElo "2316"]
[BlackElo "2458"]

1.e4 c5 2.Ne2 Nc6 3.Nbc3 e5 4.Nd5 Nge7 5.Nec3 Nxd5 6.Nxd5 Ne7 7.Bc4 Nxd5
8.Bxd5 d6 9.d3 Be7 10.O-O O-O  1/2-1/2

[Event "54th ch-RUS"]
[Site "Elista RUS"]
[Date "2001.05.07"]
[Round "7"]
[White "Belozerov,A"]
[Black "Sveshnikov,E"]
[Result "1-0"]
[WhiteElo "2494"]
[BlackElo "2571"]

1.e4 c5 2.Nf3 Nc6 3.Nc3 e5 4.Bc4 Be7 5.d3 d6 6.O-O Bg4 7.h3 Bh5 8.Nd5 h6
9.c3 Nf6 10.a3 O-O 11.b4 Rc8 12.Be3 Nxd5 13.Bxd5 b6 14.g4 Bg6 15.Qa4 Qd7
16.bxc5 bxc5 17.Nd2 Rc7 18.Rab1 Bg5 19.Bxg5 hxg5 20.Kg2 Kh7 21.Rb7 Rxb7 22.Bxc6 Qc7
23.Bxb7 Qxb7 24.Rb1 Qa8 25.c4 Rb8 26.Rxb8 Qxb8 27.Qb5 Qc8 28.Nb1 f6 29.Nc3 Be8
30.Qa5 Qb7 31.Qd8 Qb3 32.Nd5 Bf7 33.Qxd6 Bxd5 34.exd5 Qxa3 35.Qe6 Qxd3 36.d6 e4
37.Qd5 Qf3+ 38.Kg1 Qe2 39.Qxc5 e3 40.fxe3 Qe1+ 41.Kg2 Qe2+ 42.Kg3 a5 43.Qd4 g6
44.Qxf6 Qxe3+ 45.Kg2 Qd2+ 46.Qf2 Qxd6 47.Qa7+ Kh6 48.Qxa5 Qd3 49.Qe5 Qd2+
50.Kf3 Qd3+ 51.Kf2 Qd2+ 52.Qe2 Qc3 53.Kg2 Qc1 54.Qd3 Kg7 55.Kf3 Qf4+ 56.Ke2 Qh2+
57.Kd1 Kh6 58.Qc3 Qh1+ 59.Kc2 Qe4+ 60.Qd3 Qe5 61.Kb3 Qb8+ 62.Kc3 Qe5+ 63.Qd4 Qe1+
64.Kb3 Qb1+ 65.Ka4 Qa2+ 66.Kb4 Qb1+ 67.Ka5 Qa2+ 68.Kb6 Qb3+ 69.Kc7 Qg3+ 70.Kd7 Qb8
71.c5 Qb7+ 72.Kd6 Qb8+ 73.Kd5 Qg8+ 74.Ke4 Qe6+ 75.Kd3 Qa6+ 76.Qc4 Qc6 77.Kc3 Qf3+
78.Qd3 Qa8 79.Qd4 Qe8 80.Kd2 Qd7 81.Ke3 Qe8+ 82.Qe4 Qe7 83.c6 Qa3+ 84.Kd4 Qa7+
85.Kd5 Qa5+ 86.Ke6 Qc7 87.Qd5 Qc8+ 88.Ke5 Qc7+ 89.Kd4 Qg7+ 90.Qe5 Qa7+ 91.Kd5 Qf7+
92.Kc5 Qe7+ 93.Kd5 Qf7+ 94.Qe6 Qc7 95.Qd6 Qf7+ 96.Kc5 Qe7 97.h4 Qa7+ 98.Kb5 gxh4
99.c7 Qb7+ 100.Kc5 h3 101.Qf8+ Kg5 102.c8=Q  1-0

[Event "Backa Open"]
[Site "Palanka YUG"]
[Date "2001.05.07"]
[Round "6"]
[White "Rajak,L"]
[Black "Trajkovic,P"]
[Result "1-0"]
[WhiteElo "2232"]
[BlackElo "2352"]

1.e4 c5 2.Nc3 Nc6 3.Bb5 Na5 4.d4 a6 5.Be2 cxd4 6.Qxd4 Nc6 7.Qa4 d6 8.Be3 e6
9.f4 Bd7 10.Qb3 b5 11.a3 Nf6 12.Nf3 Be7 13.Nd4 Na5 14.Qa2 Qc7 15.Bf3 Rb8
16.Rd1 O-O 17.Rd3 Nc4 18.Bf2 Rfe8 19.O-O Bc8 20.Re1 Nd7 21.b3 Ncb6 22.e5 dxe5
23.fxe5 Nc5 24.Ndxb5 axb5 25.Nxb5 Nxd3 26.Nxc7 Nxe1  1-0

[Event "Golden Cleopatra Open"]
[Site "Cairo EGY"]
[Date "2001.05.08"]
[Round "7"]
[White "Yousry,S"]
[Black "Abou el Zein,E"]
[Result "0-1"]
[WhiteElo "2274"]
[BlackElo "2330"]

1.e4 c5 2.Nf3 Nc6 3.Nc3 e5 4.Bc4 Be7 5.d3 d6 6.Nd2 Bg5 7.h4 Bh6 8.Qh5 g6
9.Qd1 Nf6 10.h5 Be6 11.hxg6 hxg6 12.Nf1 Bd2+ 13.Bxd2 Rxh1 14.Bg5 Kf8 15.Qd2 Kg7
16.O-O-O Qh8 17.f4 Nh7 18.fxe5 Nxg5 19.Qxg5 dxe5 20.Nd5 Qh6 21.Qxh6+ Kxh6
22.Nc7 Rf8 23.Bxe6 fxe6 24.Ne3 Rxd1+ 25.Kxd1 Rf7 26.Nxe6 b6 27.Nd5 Rf1+ 28.Ke2 Rb1
29.b3 Rb2 30.Kd2 Rxa2 31.Kc3 Nd4 32.Nxd4 cxd4+ 33.Kd2 Ra1 34.Nf6 Rg1 35.Ng4+ Kg5
36.Nxe5 Rxg2+ 37.Kc1 Kf4 38.Nc6 g5 39.Nxd4 g4 40.Kd1 g3 41.Ke1 Rg1+ 42.Kd2 Rh1
43.Ne2+ Kf3 44.Nd4+ Kf2 45.Ne2 g2 46.c4 Re1 47.Nf4 g1=N 48.b4 Nf3+ 49.Kc2 Ke3
50.Ng2+ Kd4 51.Nf4 Rf1 52.Ne6+ Ke5 53.Nc7 Nd4+ 54.Kb2 Rf2+ 55.Kc1 a5 56.b5 a4  0-1

[Event "XXXVI Capablanca Mem Premier II"]
[Site "Havana CUB"]
[Date "2001.05.11"]
[Round "6"]
[White "Perez Candelario,M"]
[Black "Perez,Lu"]
[Result "0-1"]
[WhiteElo "2397"]
[BlackElo "2386"]

1.e4 c5 2.Nc3 Nc6 3.Bb5 d6 4.Bxc6+ bxc6 5.d3 g6 6.Nge2 Bg7 7.Be3 f5 8.O-O Nf6
9.h3 O-O 10.b3 e5 11.exf5 Bxf5 12.Qd2 Qd7 13.f4 exf4 14.Nxf4 Rae8 15.Rae1 g5
16.Nfe2 Bxh3 17.gxh3 Qxh3 18.Bxg5 Ng4 19.Bf4 Rf5 20.Nd1 Rg5 21.Rf2 Nxf2+
22.Bxg5 Nxd1 23.Rxd1 Qg4+ 24.Kf2 Bd4+ 25.Be3 Rf8+ 26.Nf4 Rxf4+ 27.Ke1 Qg3+  0-1

[Event "65th ch-BUL"]
[Site "Tsarevo BUL"]
[Date "2001.05.11"]
[Round "1"]
[White "Marholev,D"]
[Black "Spasov,V"]
[Result "1/2-1/2"]
[WhiteElo "2327"]
[BlackElo "2571"]

1.e4 c5 2.Nc3 Nc6 3.Bb5 g6 4.Bxc6 bxc6 5.d3 Bg7 6.Nge2 d6 7.Be3 Rb8 8.b3 Nh6
9.h3 f5 10.Qd2 Nf7 11.O-O fxe4 12.dxe4 Ba6 13.Rae1 Qa5 14.Na4 Qxd2 15.Bxd2 g5
16.c4 Bc8 17.Ng3 Be6 18.Nf5 Bf6 19.Bc3 Bxc3 20.Nxc3 Ne5 21.Ng7+ Kd7 22.Re3 Rhg8
23.Nxe6 Kxe6 24.f4 gxf4 25.Rxf4 Rg7 26.Ne2 Kd7 27.Rf5 Rbg8 28.Nf4 a5 29.g4 e6
30.Rf6 Re7 31.Rg3 a4 32.Nh5 axb3 33.axb3 Ra8 34.Rh6 Ra1+ 35.Kh2 Rf7 36.Rxh7 Rxh7
37.Nf6+ Ke7 38.Nxh7 d5 39.exd5 cxd5 40.cxd5 exd5 41.g5 d4 42.g6 Ra2+ 43.Rg2 Rxg2+
44.Kxg2 Nxg6 45.Kf3  1/2-1/2